000 00485nam a2200181Ia 4500
008 090124s9999 xx 000 0 und d
082 _b32697
100 _aथत्ते राम अनंत
245 _a अजिंठा
250 _a1
260 _c2004
300 _a143
600 _aथत्ते राम अनंत
630 _a अजिंठा
700 _aथत्ते राम अनंत
730 _a अजिंठा
942 _cBOOK
999 _c179119
_d179119